[Event "21st Alekhine FIDE 2017"]
[Site "Voronezh"]
[Date "2017.06.15"]
[Round "4"]
[White "Lebedev, Mikhail S"]
[Black "Shishkin, Aleksey A"]
[Result "1/2-1/2"]
[WhiteElo "2041"]
[BlackElo "2191"]
[Annotator "TA"]
[PlyCount "79"]
[EventDate "2017.??.??"]
[EventType "swiss"]
[EventCountry "RUS"]
[SourceTitle "playchess.com"]
[Source "ChessBase"]
[SourceQuality "1"]

{[%evp 16,79,54,53,52,15,24,16,17,17,44,45,33,0,11,3,0,0,12,13,18,0,0,0,33,16,12,16,12,15,24,17,27,27,27,13,11,11,41,41,41,33,41,41,41,41,41,41,41,39,35,30,39,34,34,34,34,34,34,39,41,0,39,0,41,0]} 1. e4 Nf6 {[%cal Bg8f6,Bf6d5,Bd5b6][%mdl 32]} 2. e5 Nd5 3. d4 d6 4. Nf3 Bg4 5. Be2 c6 6. c4 Nb6 7. Nbd2 dxe5 8. Nxe5 Bxe2 9. Qxe2 {Hoping for Ne4.} N8d7 {B05: Alekhine's Defence: 4 Nf3 Bg4} 10. Ndf3 (10. Nef3 {feels hotter.} e6 11. O-O Nf6 12. Nb1 Nbd7 13. Bf4) (10. b3 e6 11. Bb2 Nxe5 12. dxe5 Bb4 13. Rd1 Qe7 14. O-O Bxd2 15. Qxd2 O-O 16. Qa5 c5 17. Ba3 {1-0 (44) Tekeyev,Z (2357)-Vasilyev,V (2320) Moscow 2017}) 10... Nxe5 11. dxe5 {next e6 is good for White.} e6 {The position is equal.} 12. O-O Be7 13. Rd1 Qc7 14. b3 O-O 15. Bb2 $146 ({Predecessor:} 15. Bg5 Rfd8 16. h4 Rxd1+ 17. Rxd1 Rd8 18. Rxd8+ {½-½ (18) Kyas,J (2209)-Schindler,C (2211) Germany 2011}) 15... Rfd8 16. h3 Rxd1+ 17. Rxd1 Rd8 18. Rd3 Rxd3 19. Qxd3 Qd7 (19... Nd7 {is more complex.} 20. Bc3 a6 21. Qe4 g6 22. Nd2 Qd8) 20. Qxd7 (20. Qd4 {with more complications.} Qd8 21. Bc3 Kf8 22. Kf1 a6 23. Qxd8+ Bxd8 24. Nd2) 20... Nxd7 $14 {[%mdl 4096] Endgame KBN-KBN} 21. Kf1 Kf8 22. Ke2 Ke8 23. Nd2 a6 24. f4 h5 25. g4 hxg4 26. hxg4 g6 27. Bd4 Kd8 28. Ke3 Kc7 29. Ne4 c5 30. Bc3 b6 31. Nd2 Nb8 32. Ke4 Nc6 33. Nf3 Kd7 34. Bb2 Nb4 35. a3 Nc6 36. Bc3 Kc7 37. Be1 Kd7 38. Bc3 Kc7 39. Be1 Kd7 40. Bc3 {Precision: White = 32%, Black = 67%.} 1/2-1/2

[Event "21st Alekhine FIDE 2017"]
[Site "Voronezh"]
[Date "2017.06.15"]
[Round "4"]
[White "Mikhnenko, Alexander"]
[Black "Yashmetov, Nikolay"]
[Result "0-1"]
[WhiteElo "2019"]
[BlackElo "2127"]
[Annotator "TA"]
[PlyCount "90"]
[EventDate "2017.??.??"]
[EventType "swiss"]
[EventCountry "RUS"]
[SourceTitle "playchess.com"]
[Source "ChessBase"]
[SourceQuality "1"]

{[%evp 15,90,4,11,16,22,8,56,24,74,5,10,-14,0,-14,-2,-14,-16,-25,21,20,30,17,24,0,18,0,46,46,47,0,30,11,16,20,28,18,40,37,28,32,48,32,22,26,293,-27,-30,-44,16,8,14,-46,-5,-38,-21,-39,-38,-50,-50,-639,-623,-1097,-1080,-1096,-1082,-5397,0,0,0,-1225,-1024,-29993,-29994,-29994,-29995,-29998,-29999]} 1. d4 Nf6 2. c4 e6 3. Nf3 b6 4. g3 Ba6 5. b3 Bb4+ 6. Bd2 Be7 7. Bg2 d5 8. cxd5 exd5 9. O-O {E15: Queen's Indian: 4 g3 sidelines, 4 g3 Ba6 and 4 g3 Bb7 early deviations} O-O 10. Ne5 Bd6 11. Nc3 {White is slightly better.} c6 12. f4 $146 ({Better is} 12. Re1 $16) ({Predecessor:} 12. Bg5 h6 13. Bxf6 Qxf6 14. Nxd5 cxd5 15. Bxd5 Bxe5 16. dxe5 Qxe5 17. Bxa8 Bxe2 18. Re1 Re8 19. Qd2 Na6 20. Bf3 {1-0 (20) Hammer,J (2628)-Elseth,R (2317) Sandefjord 2017}) 12... Bb7 $11 13. Qc2 Na6 {[%cal Bb8a6,Ba6c7,Bc7e6][%mdl 32]} 14. Rac1 Rc8 15. Qb1 Nc7 16. b4 Ne6 17. e3 Re8 18. Qb3 Ba8 19. Nd3 Bb8 20. Rc2 Bb7 21. Rfc1 Re7 22. Na4 Bd6 23. b5 Rec7 24. bxc6 Bxc6 25. Nc3 Qd7 26. Ne5 Bxe5 $1 27. fxe5 Ne4 28. Nxe4 dxe4 29. Bh3 {And now d5! would win.} h6 $2 {[%mdl 8192] [#]} (29... Qe8 $11 {and Black is okay.}) 30. Bxe6 $2 ({White must play} 30. d5 $1 $18 {[%cal Rd5e6][%mdl 512]} Qxd5 (30... Bxd5 31. Rxc7) 31. Bxe6 fxe6 32. Qxd5 exd5 33. Bb4) 30... fxe6 31. Qc4 Re8 (31... a5 $15) 32. Bb4 Rcc8 33. Qe2 (33. Qa6 $11) 33... Bb5 34. Qf2 Bd3 $36 {[%mdl 2048] Black has good play.} 35. Rxc8 Rxc8 36. Qb2 Kh7 37. Bd6 $2 {[%mdl 8192]} (37. Rxc8 $15 Qxc8 38. Qf2) 37... Qf7 $19 38. Qa1 {[#]} Qf3 $1 {[%cal Rf3e3]} 39. Rxc8 Qxe3+ 40. Kg2 Qf3+ (40... Qd2+ $142 41. Kh3 e3) 41. Kg1 Qe3+ 42. Kg2 $1 {Hoping for Rf8.} Qe2+ 43. Kh3 e3 {Black mates.} 44. Rf8 Be4 {[%cal Re2h5]} 45. Rf4 Bg2+ {Precision: White = 30%, Black = 43%.} 0-1

[Event "21st Alekhine FIDE 2017"]
[Site "Voronezh"]
[Date "2017.06.15"]
[Round "4"]
[White "Garafutdinov, Ainur"]
[Black "Peschansky, Mikhail"]
[Result "0-1"]
[WhiteElo "1998"]
[BlackElo "2162"]
[Annotator "TA"]
[PlyCount "128"]
[EventDate "2017.??.??"]
[EventType "swiss"]
[EventCountry "RUS"]
[SourceTitle "playchess.com"]
[Source "ChessBase"]
[SourceQuality "1"]

{[%evp 13,128,0,52,-2,-3,0,0,-8,-3,0,-2,-20,-37,-39,-41,-78,-77,-70,-66,-76,-58,-115,-99,-121,-120,-109,-94,-94,-118,-135,-131,-165,-139,-586,-583,-541,-391,-391,-382,-381,-380,-363,-360,-377,-370,-355,-300,-284,-254,-255,-247,-232,-196,-258,-272,-267,-246,-329,-324,-330,-325,-308,-250,-260,-248,-231,-237,-256,-266,-271,-259,-320,-291,-385,-362,-520,-513,-489,-438,-518,-479,-543,-543,-574,-563,-577,-577,-539,-544,-554,-556,-1099,-1076,-1222,-1331,-1877,-1870,-1720,-1609,-29969,-1268,-6147,-1241,-1186,-1152,-5708,-5708,-4951,-5127,-4902,-1047,-29993,-29987,-29995,-29993,-29995,-29985]} 1. e4 c5 2. Nc3 Nc6 3. g3 g6 4. Bg2 Bg7 5. d3 e6 6. Be3 d6 7. Qd2 h6 {LiveBook: 21 Games} ({Black should try} 7... Nf6 $11) 8. Nf3 {B26: Closed Sicilian: 3 g3, lines with early Be3} (8. Nge2 $14) 8... e5 $11 9. O-O Nf6 $146 ({Predecessor:} 9... Nge7 10. Ne1 Be6 11. f4 exf4 12. Bxf4 g5 13. Be3 Ne5 14. Kh1 Qd7 15. Nf3 b6 {1-0 (61) Arnaudov,P (2222)-Stepak,Y (2302) Arvier 2004}) 10. h3 {The position is equal.} Nd4 11. Ne1 Be6 12. Nd5 Nxd5 13. exd5 Bd7 14. f4 Nf5 15. Bf2 exf4 16. Qxf4 Be5 $1 {[%cal Re5f4]} 17. Qf3 (17. Qd2 $15) 17... O-O 18. c3 {[#]} h5 $1 $36 {[%cal Bh6h5,Bh5h4][%mdl 2080] Black is really pushing.} 19. Nc2 h4 {[%cal Rh4g3]} 20. g4 Ng3 21. Bxg3 Bxg3 22. Ne3 Qg5 23. Qe2 $2 {[%mdl 8192]} (23. Nc4 $17) 23... Rae8 $19 24. Rf3 Re7 25. Qd2 Bf4 26. Rxf4 Qxf4 27. Nc4 Qxd2 28. Nxd2 f5 29. g5 Bb5 30. c4 Ba4 {Strongly threatening ...Re2.} 31. Kf2 Rfe8 32. Bf1 Kg7 33. Nf3 (33. a3 $142) 33... Re3 34. Rc1 Bd7 35. Nxh4 f4 36. Nf3 Rh8 37. Ng1 Rg3 38. Re1 {Black must now prevent Re7+.} Kf7 39. Re4 Rxg5 40. Nf3 Rf5 41. h4 {[#]} Rf6 $1 42. Re1 Bf5 43. d4 cxd4 44. Rd1 (44. a3 $142) 44... Bg4 45. Ng5+ Ke7 46. Rxd4 Rxh4 47. Ne4 Rf8 48. c5 dxc5 49. d6+ Kd8 50. Nxc5 Rh2+ 51. Kg1 Rxb2 52. Bd3 b6 53. Nb7+ Kd7 54. Rc4 Rc8 55. Rxf4 Be6 56. Rh4 Rc1+ 57. Bf1 Rbb1 (57... Bd5 $142 58. Rg4 Bxb7) 58. Rh7+ Kc8 59. Kh2 Rxf1 60. Rc7+ Kb8 61. Nd8 Bd5 62. Re7 Rf8 {Black mates.} 63. Nb7 Bxb7 64. d7 Rd8 {Precision: White = 42%, Black = 85%.} 0-1

[Event "21st Alekhine FIDE 2017"]
[Site "Voronezh"]
[Date "2017.06.15"]
[Round "4"]
[White "Presnyakov, Kirill"]
[Black "Manukovsky, Vladimir"]
[Result "0-1"]
[WhiteElo "1876"]
[BlackElo "2200"]
[Annotator "ChessBase"]
[PlyCount "124"]
[EventDate "2017.??.??"]
[EventType "swiss"]
[EventCountry "RUS"]
[SourceTitle "playchess.com"]
[Source "ChessBase"]
[SourceQuality "1"]
[TimeControl "40/5400+30:1800+30"]

1. d4 c5 2. d5 b5 3. e3 Ba6 4. a4 b4 5. Bxa6 Nxa6 6. b3 Nf6 7. Qd3 Nc7 8. e4 g6 9. Bb2 Bg7 10. Nd2 d6 11. Nc4 O-O 12. Ne2 Qd7 13. f3 Rae8 14. O-O-O Rd8 15. g4 Na8 16. h4 Nb6 17. Ng3 Nxc4 18. Qxc4 e6 19. g5 Ne8 20. f4 exd5 21. exd5 f5 22. Rde1 Nc7 23. Re3 Bxb2+ 24. Kxb2 Qf7 25. Rhe1 Qxd5 26. Re7 Qxc4 27. bxc4 Rf7 28. h5 Kf8 29. Rxf7+ Kxf7 30. hxg6+ hxg6 31. Rh1 Ne6 32. Rh7+ Ng7 33. Rh1 Re8 34. Rd1 Re6 35. a5 Ke7 36. Rd2 Re3 37. Re2 Rxe2 38. Nxe2 Ne6 39. c3 bxc3+ 40. Kxc3 Kd7 41. Kd3 Kc6 42. Ke3 {[%emt 2:19:16]} Nc7 {[%emt 1:08:49]} 43. Ng1 {[%emt 0:00:40]} Kb7 {[%emt 0:00:59]} 44. Nf3 {[%emt 0:00:29]} Ne6 {[%emt 0:00:06]} 45. Nd2 {[%emt 0:01:18]} Nd4 {[%emt 0:00:49]} 46. Nb1 {[%emt 0:00:26]} Ka6 {[%emt 0:00:05]} 47. Nc3 {[%emt 0:00:04]} Kxa5 {[%emt 0:00:06]} 48. Nd5 {[%emt 0:00:09]} Ne6 {[%emt 0:00:31]} 49. Kd3 {[%emt 0:00:38]} Ka6 {[%emt 0:02:03]} 50. Kc3 {[%emt 0:00:52]} Nd4 {[%emt 0:00:26]} 51. Kd3 {[%emt 0:00:32]} Ne6 {[%emt 0:00:15]} 52. Kc3 {[%emt 0:00:01]} Kb7 {[%emt 0:00:09]} 53. Kb3 {[%emt 0:00:13]} Nd4+ {[%emt 0:01:09]} 54. Ka4 {[%emt 0:01:17]} Nc6 {[%emt 0:00:15]} 55. Kb5 {[%emt 0:00:52]} a6+ {[%emt 0:00:02]} 56. Ka4 {[%emt 0:00:01]} Kc8 {[%emt 0:00:21]} 57. Nb6+ {[%emt 0:01:04]} Kd8 {[%emt 0:00:19]} 58. Nd5 {[%emt 0:00:15]} Ne7 {[%emt 0:00:28]} 59. Ne3 {[%emt 0:00:28]} Kc7 {[%emt 0:00:15]} 60. Ka5 {[%emt 0:00:41]} Kb7 {[%emt 0:00:02]} 61. Ng2 {[%emt 0:00:33]} d5 {[%emt 0:00:04]} 62. cxd5 {[%emt 0:00:27]} Nxd5 {[%emt 0:00:01]} 0-1

[Event "21st Alekhine FIDE 2017"]
[Site "Voronezh"]
[Date "2017.06.15"]
[Round "4"]
[White "Ter-Saakian, Grigorii"]
[Black "Palkovich, Denis"]
[Result "0-1"]
[WhiteElo "1844"]
[BlackElo "2147"]
[Annotator "TA"]
[PlyCount "158"]
[EventDate "2017.??.??"]
[EventType "swiss"]
[EventCountry "RUS"]
[SourceTitle "playchess.com"]
[Source "ChessBase"]
[SourceQuality "1"]

{[%evp 20,158,86,105,101,104,106,112,98,0,106,0,100,120,113,76,81,51,41,47,55,35,110,85,88,88,76,79,87,12,10,12,60,28,47,24,11,-6,0,-19,-16,-22,0,-9,-9,-9,0,0,0,-18,0,0,0,-10,-2,-9,0,-12,0,-5,0,0,0,0,0,0,0,0,0,0,0,-13,0,0,0,0,0,-48,0,-27,-14,-35,-33,-237,-218,-198,-105,-98,-66,-55,-51,-56,-56,-101,-101,-129,-6,-206,-158,-170,-130,-200,0,0,0,0,1083,946,769,-44,0,-11,-22,-629,-610,-515,-422,-29974,-29975,-29975,-29976,-29976,-29977,-29977,-29978,-29978,-29977,-29977,-29978,-29977,-29974,-29977,-29978,-29976,-29978,-29970,-29971,-29977,-29978,-29988,-29989]} 1. e4 d5 2. exd5 Nf6 3. d4 Nxd5 4. c4 Nb6 5. Nf3 g6 6. Nc3 Bg7 7. c5 Nd5 8. Bc4 c6 9. O-O O-O 10. Re1 Nxc3 11. bxc3 b6 {B01: Scandinavian Defence} 12. Bg5 Bf6 13. Bh6 Bg7 {White is better.} 14. Bg5 Bf6 15. Bh6 Bg7 16. Bxg7 Kxg7 {[#]} 17. cxb6 $146 ({Predecessor:} 17. Qe2 e6 18. Rad1 Nd7 19. Ne5 Qc7 20. Qe3 Nf6 {1-0 (50) Rizouk,A (2507)-Vega Gomez,F (2194) Navalmoral 2008}) 17... axb6 18. Qe2 {Qe5+ is the strong threat.} e6 19. Ne5 Qd6 20. h4 {[%cal Bh2h4,Bh4h5][%mdl 32]} (20. Qe3 {looks sharper.} Nd7 21. Ng4 Ra5 22. Qh6+ Kh8 23. Re5) 20... Ba6 (20... Nd7 $14) 21. h5 Bxc4 22. Nxc4 Qc7 23. Ne5 Nd7 24. Qf3 (24. Nxd7 $1 $16 Qxd7 25. Qe5+ f6 26. Qxe6 Qxe6 27. Rxe6) 24... Nxe5 $11 25. dxe5 {Intending Qf6+ and mate.} f5 26. exf6+ Rxf6 27. Qg4 (27. h6+ $5 Kf7 28. Qe3 $11) 27... Ra5 28. Rxe6 Rxh5 29. Qd4 Qh2+ 30. Kf1 Rhf5 (30... Qh4 $5 {[%cal Rh4d4]} 31. Re7+ Kh6 32. Qxh4 Rxh4 $11) 31. Rxf6 Rxf6 {[%mdl 4096] Endgame KQR-KQR} 32. f3 c5 33. Qe3 Qh1+ 34. Qg1 Qh4 35. Qe3 Qc4+ 36. Kf2 Re6 37. Qd2 h5 38. Rd1 b5 39. Rc1 Re5 40. Qd7+ Kf6 41. Qd8+ Re7 42. Qf8+ ({But not} 42. Re1 $2 Qh4+ 43. g3 Qh2+ 44. Kf1 Qh1+ 45. Kf2 Qxe1+ $19) 42... Rf7 43. Qd6+ Kg7 44. Qe5+ Kh7 45. Qe2 Qf4 46. Rd1 h4 47. Kg1 h3 48. Qe4 Qf6 49. gxh3 Qxc3 50. Qh4+ (50. Rd6 $5 {[%cal Re4g6]} Qc1+ 51. Kf2 Qb2+ 52. Kg3 $11) 50... Kg7 51. Rf1 $2 ({Only move:} 51. Rd8 $15 Qe3+ 52. Kh2 Qf4+ 53. Qxf4 Rxf4 54. Kg3) 51... Qe3+ $19 52. Kg2 Rf4 (52... Rd7 $19 {White must now prevent ...c4.} 53. Qg3 c4) 53. Qf2 $17 Qe5 54. Re1 Qg5+ 55. Qg3 $1 {[%cal Rg3g5]} Qf6 56. Re2 c4 57. Qf2 c3 (57... Rd4 $17 {Threatens to win with ...b4.} 58. Re7+ Kh6 59. Qe3+ Qg5+ 60. Qxg5+ Kxg5) 58. Qe3 $2 (58. Qa7+ $11 {and White has nothing to worry.} Kh6 59. Re7) 58... b4 59. Qa7+ Kh6 $1 60. Re7 {[#]} Qh8 $2 ({Stronger than} 60... Rxf3 61. Rh7+ Kg5 62. Qc5+ Kf4 63. Rb7 $11) (60... g5 $1 $19 61. Rh7+ Kg6) 61. Qc7 $11 Rf5 62. h4 g5 $2 {[%mdl 8192]} (62... Qg8 $11) 63. Re6+ $18 Kh5 {[#]} 64. Qg3 $2 (64. Re8 $3 $18 {[%mdl 512]} Qh6 (64... Qxe8 65. Qh7#) 65. Qc8) 64... Qd4 $36 {[%mdl 2048] aiming for ...Qf4. Black has the initiative.} 65. Re4 $1 {[%cal Re4d4]} Qd2+ 66. Kh3 $2 {[%mdl 8192]} (66. Kg1 $11) 66... Qd7 $19 {( -> ...Rxf3+)} 67. Qg4+ Kg6 {Strongly threatening ...c2.} 68. hxg5 (68. Kg3 $19 Qd6+ 69. Kh3) 68... Rxf3+ {Black mates.} 69. Kg2 Qxg4+ 70. Rxg4 c2 71. Kxf3 c1=Q {KQ-KR} 72. Rg2 Qf1+ 73. Rf2 Qd3+ 74. Kg4 Qd7+ 75. Kf4 Qd4+ 76. Kg3 Kxg5 77. Kf3 Kf5 78. Ke2+ Ke5 79. Ke1 Qa1+ {Precision: White = 36%, Black = 53%.} 0-1

[Event "21st Alekhine FIDE 2017"]
[Site "Voronezh"]
[Date "2017.06.15"]
[Round "4"]
[White "Buyukli, Egor"]
[Black "Kazmin, Semen"]
[Result "1/2-1/2"]
[WhiteElo "1749"]
[BlackElo "2086"]
[Annotator "NA RC"]
[PlyCount "118"]
[EventDate "2017.??.??"]
[EventType "swiss"]
[EventCountry "RUS"]
[SourceTitle "playchess.com"]
[Source "ChessBase"]
[SourceQuality "1"]
[TimeControl "40/5400+30:1800+30"]

{[%evp 8,118,46,33,36,26,39,42,44,-4,-1,-16,40,41,34,39,51,11,1,8,15,10,0,-4,17,10,8,4,9,13,10,2,4,4,23,13,16,0,-4,-10,0,0,0,-14,0,-3,-9,0,0,0,0,0,0,-18,0,-17,-12,-56,-45,-60,-53,-76,-71,-106,-72,-14,-12,-117,-89,-116,-124,-153,-198,-233,-118,-134,-66,-127,-73,-131,-89,-116,-54,-329,-263,-317,-385,-430,0,-367,0,-380,0,-402,0,0,-20,-14,-16,-23,-8,-8,0,-8,0,0,0,0,0,0,0,0,0]} 1. d4 {[%emt 0:01:49]} Nf6 {[%emt 0:00:08]} 2. c4 {[%emt 0:00:05]} g6 {[%emt 0:00:06]} 3. Nc3 {[%emt 0:00:07]} Bg7 {[%emt 0:00:06]} 4. e4 {[%emt 0:00:07]} d6 {[%emt 0:00:05]} 5. Nf3 {[%emt 0:00:14]} O-O {[%emt 0:00:12]} 6. Be3 {[%emt 0:00:05]} e5 {[%emt 0:00:29]} 7. dxe5 {[%emt 0:00:13]} dxe5 {[%emt 0:00:08]} 8. Qxd8 {[%emt 0:00:20]} ({But not} 8. Nxe5 Nxe4 9. Nxe4 Bxe5 $15) 8... Rxd8 {[%emt 0:00:02]} 9. Nd5 {[%emt 0:00:28]} Nxd5 {[%emt 0:00:29] LiveBook: 44 Games} (9... Rd7 $11) 10. cxd5 {[%emt 0:00:11]} c6 {[%emt 0:13:13]} 11. Bc4 $1 {[%emt 0:02:01]} h6 {[%emt 0:01:26]} 12. h3 {[%emt 0:01:47]} b5 {[%emt 0:04:39]} 13. Bb3 {[%emt 0:00:28]} Bb7 {[%emt 0:00:26]} 14. Rc1 {[%emt 0:07:21]} a5 {[%emt 0:30:05]} 15. O-O {[%emt 0:12:13]} a4 {[%emt 0:02:42]} 16. dxc6 {[%emt 0:01:08]} Bxc6 {[%emt 0:03:18]} 17. Bc2 {[%emt 0:00:08]} Bb7 {[%emt 0:04:38]} 18. Rfd1 {[%emt 0:07:27]} Nc6 {[%emt 0:00:54]} 19. Bb6 {[%emt 0:00:23]} Rxd1+ {[%emt 0:02:18]} 20. Rxd1 {[%emt 0:00:02]} Nb4 {[%emt 0:03:49]} 21. Bb1 {[%emt 0:00:56]} Rc8 {[%emt 0:05:26]} 22. Rd8+ {[%emt 0:01:09]} Rxd8 {[%emt 0:00:13]} 23. Bxd8 {[%emt 0:00:03]} Nc6 {[%emt 0:03:11]} 24. Bb6 {[%emt 0:01:16]} Nb8 {[%emt 0:02:57]} 25. Bc7 {[%emt 0:07:30]} Nd7 {[%emt 0:00:34]} 26. Bd6 {[%emt 0:00:14]} Bc6 {[%emt 0:03:04]} 27. Kf1 {[%emt 0:04:40]} f6 {[%emt 0:02:01]} 28. Ke2 {[%emt 0:09:54]} Bf8 {[%emt 0:00:34]} 29. Bxf8 {[%emt 0:00:46]} Kxf8 {[%emt 0:00:28]} 30. Nd2 {[%emt 0:01:42]} Ke7 {[%emt 0:00:59]} 31. b4 {[%emt 0:01:21]} axb3 {[%emt 0:00:44]} 32. axb3 {[%emt 0:00:04]} Nc5 {[%emt 0:00:49]} 33. g3 {[%emt 0:06:18]} Kd6 {[%emt 0:01:36]} 34. f4 {[%emt 0:05:48]} Bd7 {[%emt 0:05:44]} 35. h4 {[%emt 0:03:10]} Be6 {[%emt 0:00:22]} 36. Bc2 {[%emt 0:01:42]} Na6 {[%emt 0:00:36]} 37. Ke3 {[%emt 0:03:43]} (37. fxe5+ $11 fxe5 38. Kd3) 37... Nb4 {[%emt 0:01:36]} 38. Bd1 {[%emt 0:00:18] [#]} Kc5 $1 {[%emt 0:00:54]} 39. fxe5 {[%emt 0:02:42]} (39. f5 $142 gxf5 40. exf5 Bxf5 41. Ne4+ Bxe4 42. Kxe4) 39... fxe5 {[%emt 0:00:01]} 40. Nf3 {[%emt 0:00:00] [#]} Nc6 {[%emt 0:00:12]} ({Black should try} 40... Bg4 $1 $19 41. Kd2 Nc6) 41. Ne1 {[%emt 0:31:06] [#]} Kb4 $1 {[%emt 0:35:11]} 42. Nd3+ {[%emt 0:00:07]} Kc3 {[%emt 0:00:17]} 43. Nc5 {[%emt 0:00:30]} Bf7 {[%emt 0:00:30]} (43... Bc8 $142 44. h5 gxh5 45. Bxh5 Nd4) 44. Be2 {[%emt 0:04:43]} Nd4 {[%emt 0:01:58]} 45. Bd3 $2 {[%emt 0:01:18]} (45. Bxb5 $17 Nxb5 46. Nd7) 45... Bxb3 {[%emt 0:00:47]} ({Weaker is} 45... Nxb3 46. Nxb3 Bxb3 47. Bxb5 $11) 46. Nd7 {[%emt 0:00:15]} (46. Bxb5 {was the only defense.} Nxb5 47. Nd7) 46... Nc2+ {[%emt 0:00:42]} 47. Ke2 $1 {[%emt 0:01:15]} Nd4+ $2 {[%emt 0:00:48]} ({Better is} 47... b4 $19 48. Nb6 Kd4 (48... Nd4+ 49. Ke3 Bc2 50. Nd5+ Kb3 51. Bxc2+ Nxc2+ 52. Kd2 Kb2)) 48. Ke3 {[%emt 0:00:05]} Nc2+ {[%emt 0:01:10]} 49. Ke2 {[%emt 0:00:10]} Nd4+ {[%emt 0:00:53]} 50. Ke3 {[%emt 0:00:20]} Bc2 $2 {[%emt 0:00:29]} 51. Bxb5 $1 {[%emt 0:07:46]} Nxb5 {[%emt 0:00:08]} 52. Nxe5 {[%emt 0:00:05]} Nd6 {[%emt 0:00:43]} 53. Nxg6 {[%emt 0:00:07]} Bxe4 {[%emt 0:00:30]} 54. Ne5 {[%emt 0:00:42]} Bd5 {[%emt 0:00:43]} 55. g4 {[%emt 0:00:35]} Bb3 {[%emt 0:01:06]} 56. g5 {[%emt 0:06:18]} h5 {[%emt 0:00:04]} 57. g6 {[%emt 0:00:39]} Nf5+ {[%emt 0:00:44]} 58. Kf4 {[%emt 0:00:29]} Nxh4 {[%emt 0:00:10]} 59. Kg5 {[%emt 0:00:11] [#]} Nxg6 $11 {[%emt 0:00:07]} 1/2-1/2

[Event "21st Alekhine FIDE 2017"]
[Site "Voronezh"]
[Date "2017.06.16"]
[Round "5"]
[White "Shishkin, Aleksey A"]
[Black "Rozmetov, Aybek"]
[Result "1/2-1/2"]
[WhiteElo "2191"]
[BlackElo "1978"]
[Annotator "TA"]
[PlyCount "52"]
[EventDate "2017.??.??"]
[EventType "swiss"]
[EventCountry "RUS"]
[SourceTitle "playchess.com"]
[Source "ChessBase"]
[SourceQuality "1"]

{[%evp 14,52,14,4,80,58,60,61,60,48,79,-33,-21,-41,0,0,20,0,11,0,-8,-21,78,-10,-3,-15,-2,-13,0,0,0,0,0,-6,0,-5,0,-7,0,0,0]} 1. d4 Nf6 2. Nf3 e6 3. c4 b6 4. g3 Ba6 5. Qa4 Be7 6. Bg2 Bb7 7. O-O O-O 8. Nc3 Na6 {E15: Queen's Indian: 4 g3 sidelines, 4 g3 Ba6 and 4 g3 Bb7 early deviations} (8... c5 $11) (8... Ne4 9. Qc2 Nxc3 10. Qxc3 c5 11. Rd1 d6 12. d5 exd5 13. cxd5 Bf6 14. Qc2 Nd7 15. Bf4 Qe7 16. e4 Rfe8 17. Re1 Ne5 18. Nxe5 Bxe5 19. Bxe5 Qxe5 20. f4 {½-½ (39) Mamedyarov,S (2747)-Ivanchuk,V (2710) Huaian 2016}) 9. Ne5 $146 ({Predecessor:} 9. Rd1 d5 10. Ne5 Qe8 11. Qb3 Nb4 12. a3 dxc4 13. Qxc4 Nbd5 14. Bd2 c5 15. dxc5 Bxc5 16. e4 Nxc3 17. Bxc3 {0-1 (96) Blaho,S (2174)-Lembak,J (2290) Martin 2003}) 9... Bxg2 10. Kxg2 Qc8 {White is slightly better.} 11. Bg5 c5 {[#]} 12. Rad1 (12. d5 $1 $16) 12... cxd4 $15 13. Rxd4 {[%cal Re5d7]} Nc5 14. Qc2 d6 15. Nf3 (15. Ng4 $5 {[%cal Rg4f6]} Ncd7 16. b3 $11) 15... Qc6 16. Rfd1 Rfd8 17. Kg1 Rac8 {[#]} (17... h6 $11 {keeps the balance.} 18. Bxf6 Bxf6) 18. R4d2 (18. Nb5 $1 $16) 18... a6 $11 {The position is equal.} 19. Nd4 Qb7 20. b3 h6 21. Bxf6 $1 Bxf6 22. Qb1 Be5 23. Rc1 Bf6 24. Rcd1 Be5 25. Rc1 Bf6 26. Rcd1 Be5 {Precision: White = 45%, Black = 28%.} 1/2-1/2